| 000 | 00516nam a22001937a 4500 | ||
|---|---|---|---|
| 005 | 20251108172323.0 | ||
| 008 | 250721s1998 xx 000 0 ara d | ||
| 082 | 1 | 4 | _aط/ق/غور |
| 100 | 1 | _aغوركي، مكسيم | |
| 245 | 1 | 0 | _aالأم / |
| 264 | 1 |
_aبيروت : _bمكتبة المعارف، _c1998. |
|
| 300 | _aج | ||
| 490 | 0 | _aقصص للناشئة | |
| 650 | 1 | 7 | _aالقصص |
| 650 | 1 | 7 | _aأدب الأطفال |
| 700 | 1 |
_aسويد، أحمد _eترجمة |
|
| 942 |
_2ddc _cBK |
||
| 999 |
_c76125 _d76125 |
||